000 00816nam a2200289Ia 4500
001 H7472
003 IT-RoPAU
008 130308s9999 xx 000 0 und d
040 _aIT-RoPAU
040 _cIT-RoPAU
041 _aITALIANO
100 _aGariazzo Giuseppe
100 _gCodice Aut. SPICS: 23626
245 _aMorte nel cinema africano (La)
245 _bFatal Quiete (La). La rappresentazione della Morte nel Cinema
250 _a1a ed.
260 _aTORINO
260 _bLindau
260 _c2005 [1° Ed.:2005 - Ed.Ling.Originale:2005]
300 _a"8 p. (prefazione: no ; testo: 8 [pagine: 139-122])"
500 _aMorte Espansa. Morte Sospesa. Morte Silenziosa.
650 _aSAGGI SUL CINEMA
650 _eCodice materia Spics: 6811
942 _cBK
957 _71
999 _c84007
_d84007
999 _g1